Tarihi gerçekler ışığında belgelerle (Record no. 3488)

MARC details
000 -BAŞLIK
Sabit Uzunlukta Kontrol Alanı 00801na a2200253 4500
001 - KONTROL NUMARASI
Denetim Alanı 13879
003 - KONTROL NUMARASI IDENTIFIER
Denetim Alanı MIRAKIL
005 - SON İŞLEM TARİHİ VE ZAMANI
Denetim Alanı 20181213154933.0
008 - SABİT-BOY VERİ ELEMANLARI - GENEL BİLGİLER
Sabit Uzunlukta Kontrol Alanı 160920b tu 000 0
020 ## - ULUSLARARASI STANDART KİTAP NUMARASI
Uluslararası Standart Kitap Numarası 9759881101
035 ## - SİSTEM KONTROL NUMARASI
Sistem Kontrol Numarası 13879
040 ## - KATALOGLAMA KAYNAK
Orijinal Kataloglama Ajansı Milas
Kataloglama Dili tur
Metne Dönüştürmek Ajansı TR-AnCHP
082 ## - DEWEY ONLU SINIFLANDIRMA NUMARASI
Sınıflandırma Numarası ATA 923.156
Ürün Numarası T26 2004
090 ## - SINIFLAMA NUMARASI
Sınıflama Numarası ATA 923.156 T26 2004
245 ## - BAŞLIK TABLOSU
Başlık Tarihi gerçekler ışığında belgelerle
Başlığın Kalan Mustafa Kemal Atatürk
Sorumluluk Tablosu, Vb hazırlayanlar Yusuf Koç, Ali Koç
246 ## - UNVAN FORM VARYING
Başlık Doğru / Kısa Başlığı Mustafa Kemal Atatürk
260 ## - YAYIN, DAĞITIM, VB
Yayın, Dağıtım, Vb Yeri Ankara
Yayıncı, Dağıtıcı, Vs Adı Kamu Birlik Hareketi Eğitim Yayınları
Yayın, Dağıtım, Vb Tarihi 2004
300 ## - FİZİKSEL TANIM
Kapsam 328 s.
Diğer Fiziksel Ayrıntıları res.
Boyutlar 23 sm.
504 ## - KAYNAKÇA VB NOT
Kaynakça Vb Notu Kaynakça var.
600 ## - KONU KATMA GİRİŞ - KURUMSAL ADI
Kişisel Ad Atatürk, Mustafa Kemal
Bir Adıyla İlişkilendirilen Tarihler 1881-1938
Genel Alt Bölümü Siyasal ve sosyal görüşler
Kronolojik Alt Bölümü Tarih
700 ## - KATMA GİRİŞ - KİŞİSEL İSİM
Kişisel Ad Koç, Yusuf
700 ## - KATMA GİRİŞ - KİŞİSEL İSİM
Kişisel Ad Koç, Ali
942 ## - EKLENDİ GİRİŞ ELEMANLARI (KOHA)
Sınıflandırma Veya Raf Düzeni Kaynak Dewey Decimal Classification
Koha Öğesi Türü Books
999 ## - SİSTEM KONTROL NUMARALARI (KOHA)
Koha Biblionumber 3488
Koha Biblioitemnumber 3488
Holdings
Kalıcı Konum Mevcut Konum Edinme Tarihi Edinim Kaynak Toplam Check-Out'Lar Tam Çağrı Numarası Barkod Tarih Son Görülme İtibaren Geçerli Fiyatlar Koha Öğesi Türü Kopya Sayısı
CHP Kütüphanesi CHP Kütüphanesi 08/19/2016 Bağış   ATA 923.156 T26 2004 001714 08/19/2016 08/19/2016 Books  
CHP Kütüphanesi CHP Kütüphanesi 08/31/2016 Bağış   ATA 923.156 T26 2004 002682 08/31/2016 08/31/2016 Books k.2